000 02583nam a2200277Ia 4500
005 20211110133535.0
008 130821s1913 ck fr 1 spa d
040 _aCo-BoUCM
_bspa
_cSaul Niño (Modificó)
_dSandra Yazo
041 0 _aspa
082 0 4 _a252.9
_220
092 _aE23N023
100 1 _aCarrasquilla, Rafael María
_d1857-1930 ‎
_937195
245 1 0 _aSermones y discursos escogidos
_cdel doctor Rafaél María Carrasquilla
260 _aBogotá (Colombia)
_bLibrería Americana
_c1913
300 _a578 páginas
_c23 x 16 cm
500 _aIncluye índice
500 _aDetalles físicos: Encuadernación rígida (holandesa) en catón forrada en papel con lomo en cuero, letras en dorado. Conserva guardas, anteportada, portada impresa a una sola tinta, con un pequeño grabado. Texto impreso en una columna con márgenes amplios, algunas notas al pie de página y adornos en los encabezamientos. Ej.1 Varias hojas rotas, que afectan el texto, papel manchado. Ej.2 en buen estado de conservación
505 0 _aOraciones fúnebres: Vicente Arbeláez ; José Telésforo Paul ; Rafael Núñez ; Manuel José Mosquera ; Sumo Pontífice León VIII -- Sermones y panegíricos: en honor a la Santísima Virgen ; Panegírico de San José ; En honor del sagrado corazón de Jesús ; Oración en el aniversario de la fundación de Bogotá ; De la natividad de las Santísima Virgen ; Panegírico de Santa Bárbara ; Sermón en acción de gracias ; Panegírico de Nuestra Señora de las Mercedes ; Sermón del Santísimo sacramento ; Panegírico de la Inmaculada concepción de María ; Sermón de Pentecostés ; Panegírico de San Pedro Claver ; Panegírico de San Ignacio de Loyola -- Oraciones gratulatorias: Al descubrirse la estatua de Fray Cristóbal de Torres ; En celebración del Centenario de la independencia Nacional ; Oración con motivo del jubileo episcopal del ilustrísimo señor doctor Bernardo Herrera -- Discursos académicos: Al recibirse el autor como miembro de números de la Academia Colombiana ; En respuesta al señor doctor Liborio Zerda al recibirse miembro de números en la academia Colombiana ; Contestación al discurso del señor don Hernando Holguín y Caro al entrar a la Academia Colombiana
506 _aConsulta en sala
600 1 4 _937195
_aCarrasquilla, Rafael María
_d1857-1930 ‎
_xProclamas y Discursos
650 7 _aProclamas y Discursos
_97977
650 7 _aLiteratura religiosa
_918733
650 7 _aOratoria sagrada
_920808
690 _aLiteratura colombiana
_918629
942 _cLIBRO
_a18
_e1
_2LOCAL
_hE23N023
999 _c39464
_d39464